Gaming Quiz

Random Gaming or Computer Quiz

Video Games by Laptop Quiz Stats

 Plays Quiz not verified by Sporcle

Score 0/16 Timer 04:00
0 Plays Today
Hint Answer % Correct
Angry Birds
97.1%
Pac-Man
96.7%
Sonic the Hedgehog
95.5%
Super Mario Bros.
95.2%
Pokémon
94.8%
Tetris
93.6%
Donkey Kong
91%
The Legend of Zelda
89.5%
Hint Answer % Correct
Space Invaders
81.4%
Street Fighter
76.7%
The Sims
74.8%
Mega Man
71.7%
Minecraft
70.2%
Assassin's Creed
65.7%
Half Life
61.9%
Resident Evil
57.4%

You're not logged in!

Compare scores with friends on all Sporcle quizzes.
OR
Log In

You Might Also Like...

Show Comments

Extras

Top Quizzes Today


Score Distribution

Your Account Isn't Verified!

In order to create a playlist on Sporcle, you need to verify the email address you used during registration. Go to your Sporcle Settings to finish the process.

Report this User

Report this user for behavior that violates our Community Guidelines.

Details: